Konkurence a spolupráce firem v teorii a praxi
Pojem konkurencia a definície konkurencie. Teória konkurencie a formy a metódy spolupráce firiem. Citácie autorov a článkov o problematike konkurencie. Rozhodovanie firmy o spolupráci či konkurenčnom boji s inými trhovými subjektami. Konkurencia a spolupráca firiem v medzinárodnom prostredí.
Salvato in:
| Autore principale: | |
|---|---|
| Natura: | Capitolo di libro |
| Lingua: | ceco |
| Soggetti: | |
| Tags: |
Nessun Tag, puoi essere il primo ad aggiungerne!!
|
MARC
| LEADER | 00000naa$a2200000$$$4500 | ||
|---|---|---|---|
| 001 | 0003657 | ||
| 005 | 20231004075918.2 | ||
| 041 | 0 | |a cze | |
| 044 | |a CZ | ||
| 245 | 1 | 0 | |a Konkurence a spolupráce firem v teorii a praxi |c aut. Jena Švarcová |
| 520 | |a Pojem konkurencia a definície konkurencie. Teória konkurencie a formy a metódy spolupráce firiem. Citácie autorov a článkov o problematike konkurencie. Rozhodovanie firmy o spolupráci či konkurenčnom boji s inými trhovými subjektami. Konkurencia a spolupráca firiem v medzinárodnom prostredí. | ||
| 610 | 2 | 0 | |a konkurencia |
| 610 | 2 | 0 | |a teória konkurencie |
| 610 | 2 | 0 | |a boj konkurenčný |
| 610 | 2 | 0 | |a spolupráca podnikov |
| 100 | 1 | |a Švarcová, Jena | |